00654nam a2200193Ia 4500001001000000003000500010008004100015010001100056040000900067100003200076245013500108260002800243300001000271440003200281650002100313650002000334650004100354710006500395Para_6216CHAP220125s1983 xx 000 0 und d a203666 cCHAP aRamírez Zamora, Rosalío aLogros y aportaciones de la investigación agrícola en los cultivos de coco y palma africana /c por Rosalío Ramírez Zamora aMéxico :b SARH. INIA a15 p. aPublicación especial; 110 aCoco x México aCoco x plagas  aPalma africana x investigación  aInstituto Nacional de Investigaciones Agrícolas (México)